| 000 | 00631nam a2200241Ia 4500 | ||
|---|---|---|---|
| 003 | OSt | ||
| 005 | 20240920140744.0 | ||
| 006 | a|||||r|||| 00| 0 | ||
| 007 | ta | ||
| 008 | 220927b |||||||| |||| 00| 0 eng d | ||
| 024 | _a14807 | ||
| 037 | _cTextual | ||
| 040 |
_aSDCL _cSDCL _beng |
||
| 041 |
_2eng _aeng |
||
| 082 | _aD65,44 J5 | ||
| 100 |
_aTerman, Frederick Emmons _9499967 |
||
| 245 | 0 | _aElectronic and radio engineering : | |
| 250 | _a4th | ||
| 260 |
_c1955. _aNew Delhi : _bMcGraw-Hill, |
||
| 300 | _a1078p. | ||
| 942 |
_hD65,44 J5 _cTEXL _2CC |
||
| 999 |
_c817216 _d817216 |
||